MARC

LEADER 00000nbm0a2200000 4500
001 363236
005 20231102011553.0
035 |a (RuTPU)RU\TPU\retro\20583 
090 |a 363236 
100 |a 20210922d1957 k y0rusy50 ca 
101 0 |a rus 
102 |a RU 
105 |a y oz 000zy 
200 1 |a Основные результаты подсчета геологических запасов углей СССР  |e отчет Межведомственной комиссии  |f СССР, Министерство геологии и охраны недр 
210 |a Москва  |c [Б. и.]  |d 1957 
215 |a 37 л. 
317 |5 63413507: КР-7245  |a Поступил в НТБ в 2004 г. в составе книжного собрания кафедры общей геологии 
606 1 |a Угольные месторождения  |x Подсчет и классификация запасов  |2 stltpush  |3 (RuTPU)RU\TPU\subj\62701 
610 1 |a уголь 
610 1 |a геологические запасы 
610 1 |a отчеты министерств 
610 1 |a методика 
610 1 |a результаты 
610 1 |a угольные бассейны 
610 1 |a СССР 
610 1 |a Коллекция кафедры общей геологии 
610 1 |a дары библиотеке 
675 |a 553.94.04  |v 4 
712 0 1 |a СССР  |b Министерство геологии и охраны недр  |c (1953-1963)  |2 stltpush  |3 (RuTPU)RU\TPU\col\14783  |9 26014 
801 1 |a RU  |b 63413507  |c 20210922 
801 2 |a RU  |b 63413507  |c 20220407  |g RCR 
942 |c BK